000
00335nam a22001457a 4500
008
210526b ||||| |||| 00| 0 eng d
020
_a
9780321900210
041
_a
eng
080
_2
6th
_a
371
082
_a
371
100
_a
46
101
_a
EDU
245
_a
Good Reasons with Contemporary Arguments
_c
Faigley,L
942
_2
udc
_c
BK
999
_c
57659
_d
57659